MT940 formátumú elektronikus bankszámlakivonatok automatizált feldolgozása
| Szerzők: | |
|---|---|
| További közreműködők: | |
| Dokumentumtípus: | TDK dolgozat |
| Kulcsszavak: | adatfeldolgozás bank informatikai rendszerei cash flow cash management elektronikus adatfeldolgozás gazdasági adatfeldolgozás Python SAP |
| Online Access: | http://dolgozattar.uni-bge.hu/60444 |
MARC
| LEADER | 00000nta a2200000 i 4500 | ||
|---|---|---|---|
| 001 | dolg60444 | ||
| 005 | 20260416073716.0 | ||
| 008 | 260416suuuu hu o 000 hun d | ||
| 040 | |a BGE Dolgozattár Repozitórium |b hun | ||
| 041 | |a hu | ||
| 100 | 1 | |a Kovács Máté | |
| 245 | 1 | 0 | |a MT940 formátumú elektronikus bankszámlakivonatok automatizált feldolgozása |c Kovács Máté |h [elektronikus dokumentum] |
| 516 | |a Students_Scientific_Association_paper | ||
| 520 | 3 | |a A dolgozatban vizsgált kérdés a vállalati pénzügyi folyamatok digitalizációja ésautomatizálása, különös hangsúllyal egy innovatív szoftveralkalmazás fejlesztésén, amely azMT940 formátumú elektronikus bankszámlakivonatokat dolgozza fel. Ez a SWIFT általstandardizált formátum kulcsfontosságú a napi számlaforgalom gépi feldolgozásában,lehetővé téve a tranzakciós adatok gyors kinyerését és elemzését treasury managementsystems (TMS) keretében. A kutatás három fő kérdésre fókuszál: milyen mechanizmusokonkeresztül támogatja a program a cash flow optimalizálását, például adataggregációval ésprediktív modellekkel; milyen technikai és üzleti előnyökkel jár az MT940 automatizáltfeldolgozása, beleértve a hibacsökkentést és a döntéshozatali sebesség növelését; valaminthogyan integrálható a szoftver modern treasury architektúrába, figyelembe véve a modulárisfelépítést, API-kapcsolatokat és kompatibilitást ERP-rendszerekkel. A vizsgálat aktualitásátaláhúzza a technológiai fejlődés exponenciális üteme, amely meghaladja az emberialkalmazkodóképességet, miközben empirikus adatok szerint a TMS-ek bevezetése 20-30%-kal csökkentheti a pénzügyi költségeket.A kutatásmódszertan multidiszciplináris megközelítést alkalmaz. Elsődlegesen szakirodalmiáttekintést végez a treasury rendszerek evolúciójáról, a cash flow menedzsment elméletéről ésaz automatizálási trendekről, beleértve a robotic process automation és adatfeldolgozóalgoritmusok szerepét. Másodlagosan egy olyan implementációs koncepciót mutat be, amelyköltséghatékony, az egyedi igényekhez igazítható, robusztus és skálázható. A javasoltarchitektúra középpontjában egy Python-alapú adatfeldolgozó és validációs modul áll, amelygyors és biztonságos feldolgozást tesz lehetővé kis- és nagyméretű MT940-es fájlok esetében.Az egész rendszer nyílt forráskódú, alacsony költségű komponensekre – például K3S-re,PostgreSQL-re és Oracle Cloud Infrastructure-re – épülAz elért eredmények rámutatnak, hogy a szoftver jelentősen növeli a treasury folyamatokhatékonyságát: automatizált feldolgozással minimalizálja a manuális hibákat, valós idejű cashflow áttekintést biztosít, strukturált riportokat generál exportálható formátumokban, éstámogatja a szabályozási megfelelést auditálható naplókkal. Összehasonlítva a manuálismódszerekkel, a rendszer 30-50%-kal növeli a termelékenységet, empirikusan alátámasztva aköltségcsökkentést és a döntéshozatal pontosságát. Továbbfejlesztési lehetőségek közétartozik új modulok bevezetése, több formátum támogatása és integráció a jelentősebb BI-eszközökkel (PowerBI, Tableu). A dolgozat következtetései hangsúlyozzák a rendszerstratégiai értékét a vállalati pénzügyi stabilitás és versenyképesség növelésében, javasolvatovábbi kutatást az interoperabilitás terén. | |
| 695 | |a adatfeldolgozás | ||
| 695 | |a bank informatikai rendszerei | ||
| 695 | |a cash flow | ||
| 695 | |a cash management | ||
| 695 | |a elektronikus adatfeldolgozás | ||
| 695 | |a gazdasági adatfeldolgozás | ||
| 695 | |a Python | ||
| 695 | |a SAP | ||
| 700 | 1 | |a Dobák Dr. Dóra Éva |e ths | |
| 700 | 1 | |a Forman Norbert |e ths | |
| 700 | 1 | |a Murányi Dániel |e aut | |
| 856 | 4 | 0 | |u http://dolgozattar.uni-bge.hu/60444/1/KME%28ZESGR0%29_MD%28AIQSB7%29_TDK_20251109.pdf |z Dokumentum-elérés |
| 856 | 4 | 0 | |u http://dolgozattar.uni-bge.hu/60444/2/TDK_rezume_KME_MD.pdf |z Dokumentum-elérés |
| 856 | 4 | 0 | |u http://dolgozattar.uni-bge.hu/60444/3/05_Dolgozat_biralati_lap_2025_HU%20%C3%9AJ%20LOGO_P%C3%A1ntya_R.pdf |z Dokumentum-elérés |
| 856 | 4 | 0 | |u http://dolgozattar.uni-bge.hu/60444/4/05_Dolgozat_biralati_lap_2025_HU%20%C3%9AJ%20LOGO%20Kov%C3%A1cs%20M%C3%A1t%C3%A9.pdf |z Dokumentum-elérés |